Manual práctico del Seguro sobre vida / (Record no. 135454)

MARC details
000 -LEADER
campo de control de longitud fija 00514nam a2200169 i 4500
001 - NÚMERO DE CONTROL
campo de control 135454
003 - IDENTIFICADOR DE NÚMERO DE CONTROL
campo de control ES-MaACL
005 - FECHA Y HORA DE LA ÚLTIMA TRANSACCIÓN
campo de control 20230906194904.0
007 - CAMPO FIJO DE DESCRIPCIÓN FÍSICA--INFORMACIÓN GENERAL
campo de control de longitud fija t|
008 - DATOS DE LONGITUD FIJA--INFORMACIÓN GENERAL
campo de control de longitud fija 070718s1969 sp ||||1| spa d
100 1# - ENTRADA PRINCIPAL--NOMBRE DE PERSONA
Nombre de persona Tornil Estraña, Raimundo.
9 (RLIN) 110671
245 10 - MENCIÓN DEL TÍTULO
Título Manual práctico del Seguro sobre vida /
Mención de responsabilidad, etc. por R. Tornil, J.M. Piniés.
260 ## - PUBLICACIÓN, DISTRIBUCIÓN, ETC.
Lugar de publicación, distribución, etc. Barcelona, etc. :
Nombre del editor, distribuidor, etc. Ariel,
Fecha de publicación, distribución, etc. [1969]
300 ## - DESCRIPCIÓN FÍSICA
Extensión 145 p., 3 h. ;
Dimensiones 18 cm.
700 1# - ENTRADA AGREGADA--NOMBRE PERSONAL
Nombre de persona Pinies, José Manuel.
9 (RLIN) 92130
852 ## - LOCALIZACIÓN
Ubicación ES-MaACL
Número de control de estantería C-47095
Sublocalización o colección R.73031
Holdings
Estatus retirado Estado de pérdida Estado de daño No para préstamo Biblioteca de origen Biblioteca actual Ubicación en estantería Fecha de adquisición Fuente de adquisición Total de préstamos Signatura topográfica completa Código de barras Visto por última vez Precio de reemplazo Tipo de ítem Koha
        Biblioteca del Ateneo de Madrid Biblioteca del Ateneo de Madrid Depósito 2 17/01/2008     C-47095 1140981 23/02/2023 23/02/2023 Libro impreso